Mohamed Salah Goals for Liverpool - Statistics

General Stats
  • This quiz has been taken 54 times
    7 since last reset
  • The average score is 29 of 54
Answer Stats
Goals Current League Team % Correct
10 Premier League Arsenal
100%
13 Premier League Manchester City
100%
16 Premier League Manchester Utd
100%
2 La Liga Real Madrid
100%
14 Premier League Tottenham
100%
1 La Liga Atletico Madrid
83%
10 Premier League Brighton
83%
5 Premier League Chelsea
83%
4 Premier League Fulham
83%
9 Premier League Leeds
83%
5 Championship Leicester City
83%
10 Premier League Newcastle
83%
3 Championship Norwich
83%
13 Premier League West Ham
83%
2 Eredivisie Ajax
67%
10 Premier League Aston Villa
67%
7 Premier League Brentford
67%
2 Premier League Burnley
67%
8 Premier League Everton
67%
1 Serie A Inter Milan
67%
2 Serie A Napoli
67%
4 Scottish Premiership Rangers
67%
2 Serie A Roma
67%
11 Championship Southampton
67%
9 Championship Watford
67%
2 Serie A AC Milan
50%
12 Premier League Bournemouth
50%
9 Premier League Crystal Palace
50%
2 Championship Ipswich Town
50%
2 Premier League Nottingham Forest
50%
5 Primeira Liga Porto
50%
3 Championship West Bromwich Albion
50%
7 Premier League Wolves
50%
2 Serie A Atalanta
33%
1 League One Cardiff City
33%
1 Belgian Pro League Genk
33%
4 League One Huddersfield Town
33%
1 Ligue 1 Lille
33%
3 Slovenian PrvaLiga Maribor
33%
1 Azerbaijan Premier League Qarabag
33%
2 Bundesliga RB Leipzig
33%
3 Austrian Bundesliga RB Salzburg
33%
1 La Liga Sevilla
33%
1 Championship Sheffield Utd
33%
1 Russian Premier League Spartak Moscow
33%
1 Czech First League Sparta Prague
33%
2 Championship Stoke City
33%
1 La Liga Girona
17%
1 Bundesliga Hoffenheim
17%
2 Danish Superliga Midtjylland
17%
2 Serbian SuperLiga Red Star Belgrade
17%
1 Serie A Bologna
0%
2 Austrian Bundesliga LASK
0%
1 Ligue 1 Toulouse
0%
No matching quizzes found
Score Distribution
Percent of People with Each Score
Percentile by Number Answered
Your Score History
You have not taken this quiz since the last reset